000 00981nam a22003017a 4500
001 BR9402358
003 BR-BrBNA
005 20230928093959.0
007 ta
008 230509b bl.||||| |||| 00| 0 por d
040 _aBR-BrBNA
_bpor
_cBiblioteca Nacional de Agricultura
041 _a(Por)
072 _aU10; F01
090 _ U10 BR9402358
100 1 _aBrummer, B.M.
110 1 _aEscola Superior de Agricultura Luiz de Queiroz, Piracicaba, SP (Brasil)
_0Tese (Mestrado)
245 1 _aEstudo sobre densidade de plantio e sistemas de sangria de seringueira (Hevea brasiliensis Muell. Arg.)atraves do uso de modelagem e simulacao
260 3 _aPiracicaba, SP (Brasil):
_c1992.
300 _a141 p.
500 _a16 graphs; 6 tables; Summaries (Eng, Por); 43 ref.
650 _aSeringueira
650 _aDensidade de Plantio
650 _aSangria
650 _aSimulacao
650 _aModelo Matematico
909 _a202309
_bLucia
_c55
_dLucia Elande
942 _cBK
999 _c48252
_d48252